| 000 | 00000cam 2200000zi 4500 |
| 001 | 9.957329 |
| 003 | CaOODSP |
| 005 | 20260216090435 |
| 006 | m o d f |
| 007 | cr cn||||||||| |
| 008 | 251114e20251215onc o f000 0 eng d |
| 020 | |a9780660797236 |
| 040 | |aCaOODSP|beng|erda|cCaOODSP |
| 043 | |an-cn--- |
| 086 | 1 |aH164-275/2025E-PDF |
| 245 | 00|aNatural health products management of applications policy. |
| 250 | |a[2025 edition]. |
| 264 | 1|aOttawa, ON : |bHealth Canada = Santé Canada, |cDecember 15, 2025. |
| 264 | 4|c©2025 |
| 300 | |a1 online resource (101 pages, 1 unnumbered page) |
| 336 | |atext|btxt|2rdacontent |
| 337 | |acomputer|bc|2rdamedia |
| 338 | |aonline resource|bcr|2rdacarrier |
| 500 | |aCover title. |
| 500 | |a"Publication date: November 2025." |
| 500 | |a"Date issued and implemented: December 15, 2025." |
| 500 | |a"Replaces: Natural Health Products Management of Applications Policy (2019)." |
| 500 | |aIssued also in French under title: Politique de gestion des demandes d'homologation de produits de santé naturels. |
| 520 | |a"This document outlines the: responsibilities and expectations of applicants throughout the product licence application (PLA) and post-licensing processes in accordance with the Natural Health Products Regulations (NHPR); processes applied by the Natural and Non-prescription Health Products Directorate (NNHPD) to the lifecycle of applications - from pre-submission to post-licensing"--Purpose, page [9]. |
| 650 | 5|aNatural health products|xGovernment policy|zCanada. |
| 650 | 5|aNatural health products|xSafety regulations|zCanada. |
| 710 | 1 |aCanada. |bHealth Canada, |eissuing body. |
| 775 | 08|tPolitique de gestion des demandes d'homologation de produits de santé naturels.|w(CaOODSP)9.957330 |
| 795 | |tNatural health products management of applications policy.|b[2019 edition]|w(CaOODSP)9.871911 |
| 856 | 40|qPDF|s1.15 MB|uhttps://publications.gc.ca/collections/collection_2026/sc-hc/H164-275-2025-eng.pdf |
| 856 | 4 |qHTML|sN/A|uhttps://www.canada.ca/en/health-canada/services/drugs-health-products/natural-health-products/legislation-guidelines/guidance-documents/management-product-licence-applications-attestations.html |
| 986 | |a250331 |